000
00279nam a22001337a 4500
008
180227b xxu||||| |||| 00| 0 eng d
020
_a
0870652850
041
_a
eng
080
_a
37
100
_a
25
101
_a
EDU
245
_a
Writing power
_c
Graham,L.H
942
_2
udc
_c
BK
999
_c
43605
_d
43605